[Event "Tyrrelstown.com"]
[Site "SchemingMind.com"]
[Date "2006.04.09"]
[Round "-"]
[White "yona"]
[Black "thinkfirst29"]
[Result "1-0"]
[WhiteCountry "RSA"]
[BlackCountry "USA"]
[WhiteElo "1532"]
[WhiteRD "144"]
[BlackElo "1577"]
[BlackRD "71"]
[GameID "45880"]

1. e4 c5 2. d4 cxd4 3. c3 dxc3 4. Nxc3 Nc6 5. f4 e6 6. Nf3 Bb4 7. Bc4 Bxc3+ 8. bxc3 b6 9. Ba3 Qc7 10. Bd6 Qb7
11. O-O Na5 12. Bd5 exd5 13. exd5 Nf6 14. Qe2+ Kd8 15. Qe7#
1-0

[Event "Tyrrelstown.com"]
[Site "SchemingMind.com"]
[Date "2006.04.09"]
[Round "-"]
[White "yona"]
[Black "niallmcg"]
[Result "1-0"]
[WhiteCountry "RSA"]
[BlackCountry "IRL"]
[WhiteElo "1532"]
[WhiteRD "144"]
[BlackElo "1095"]
[BlackRD "98"]
[GameID "45881"]

1. e4 Nc6 2. d4 g6 3. Nc3 d6 4. Bc4 Nf6 5. Be3 e5 6. Nge2 h5 7. Qd2 h4 8. O-O-O b6 9. f4 a5 10. fxe5 dxe5
11. Bg5 Qd6 12. Rhf1 Rh5 13. Bxf6 Bh6 14. Bxf7+ Kxf7 15. Bxe5+ Bf5 16. Bxd6
1-0

[Event "Tyrrelstown.com"]
[Site "SchemingMind.com"]
[Date "2006.04.09"]
[Round "-"]
[White "yona"]
[Black "sansubari"]
[Result "0-1"]
[WhiteCountry "RSA"]
[BlackCountry "MAS"]
[WhiteElo "1522"]
[WhiteRD "112"]
[BlackElo "1707"]
[BlackRD "62"]
[GameID "45882"]

1. e4 d5 2. exd5 Qxd5 3. Nc3 Qe5+ 4. Be2 Bf5 5. Nf3 Qa5 6. O-O c6 7. d4 e6 8. Bf4 Nf6 9. Ne5 Nbd7 10. Nc4 Qd8
11. Bd6 Nb6 12. Bxf8 Kxf8 13. Ne5 Nfd7 14. f4 h6 15. Bh5 Nxe5 16. fxe5 Qg5 17. Qe2 g6 18. Bf3 h5 19. Ne4 Qe7 20. Nf6 Nd7
21. g4 hxg4 22. Nxg4 Qh4 23. Rf2 Bxg4 24. Bxg4 Rh7 25. Bxe6 Nb6 26. Raf1 Ke7 27. Bxf7 Rah8 28. Bxg6 Rg8 29. Rg2 Qxd4+ 30. Kh1 Rhg7
31. c3 Qd5 32. Be4 Qxa2 33. Qh5 Rxg2 34. Bxg2 Na4 35. Qh7+ Kd8 36. Bh3 Qd5+
0-1

[Event "Tyrrelstown.com"]
[Site "SchemingMind.com"]
[Date "2006.04.09"]
[Round "-"]
[White "yona"]
[Black "fouche"]
[Result "0-1"]
[WhiteCountry "RSA"]
[BlackCountry "COL"]
[WhiteElo "1522"]
[WhiteRD "112"]
[BlackElo "1606"]
[BlackRD "59"]
[GameID "45883"]

1. e4 e5 2. Nc3 Nf6 3. f4 Nc6 4. Nf3 exf4 5. e5 Qe7 6. Qe2 Ng4 7. h3 Ngxe5 8. Nxe5 Qxe5 9. Qxe5+ Nxe5 10. d4 Ng6
11. Nd5 Bd6 12. Bd3 O-O 13. O-O c6 14. Nxf4 Nxf4 15. Bxf4 Bxf4 16. Rxf4 d5 17. Rh4 g6 18. Re1 Bd7 19. Re7 Rad8 20. Rf4 f5
21. Rh4 Rf7 22. Rxf7 Kxf7 23. Rxh7+ Kf6 24. Kf2 Bc8 25. Rh4 Re8 26. Rf4 g5 27. Rf3 b6 28. Re3 Rxe3 29. Kxe3 c5 30. dxc5 bxc5
31. c3 a5 32. g3 Ke5 33. h4 f4+ 34. gxf4+ gxf4+ 35. Kf3 Bf5 36. Be2 d4 37. cxd4+ cxd4 38. h5 d3 39. Bd1 Be4+ 40. Kg4 d2
41. Kh3 Kd4 42. Kh2 Ke3 43. Kg1 Bf3
0-1

[Event "Tyrrelstown.com"]
[Site "SchemingMind.com"]
[Date "2006.04.09"]
[Round "-"]
[White "yona"]
[Black "Amergin"]
[Result "1-0"]
[WhiteCountry "RSA"]
[BlackCountry "IRL"]
[WhiteElo "1532"]
[WhiteRD "144"]
[BlackElo "1224"]
[BlackRD "112"]
[GameID "45885"]

1. e4 e5 2. Nc3 c6 3. d4 d5 4. exd5 cxd5 5. dxe5 Nh6 6. Qxd5 Be7 7. Bc4 O-O 8. Bxh6 gxh6 9. O-O-O Bg5+ 10. Kb1 Qc7
11. Qf3 Qxc4 12. Ne4 Be6 13. b3 Qa6 14. Nf6+ Kg7 15. Nh5+ Kg6 16. h4 Be7 17. Nh3 f5 18. exf6 Bxf6 19. N3f4+ Kf7 20. Nxf6 Kxf6
21. Nxe6+ Kxe6 22. Rhe1+
1-0

[Event "Tyrrelstown.com"]
[Site "SchemingMind.com"]
[Date "2006.04.09"]
[Round "-"]
[White "yona"]
[Black "Tipperary"]
[Result "1-0"]
[WhiteCountry "RSA"]
[BlackCountry "IRL"]
[WhiteElo "1532"]
[WhiteRD "144"]
[BlackElo "1499"]
[BlackRD "118"]
[GameID "45886"]

1. e4 e5 2. Nc3 Nc6 3. f4 d6 4. Nf3 f6 5. Bc4 Qe7 6. O-O exf4 7. d4 a6 8. Bxf4 b5 9. Bb3 Nb4 10. a3 g5
11. Bg3 Nc6 12. Re1 Qe6 13. Bxe6 Bxe6 14. d5 Bg4 15. dxc6 O-O-O 16. h3 Bh5 17. Nd5 Bg7 18. Qd4 Kb8 19. a4 Ne7 20. axb5 Nxd5
21. Rxa6 Nb6 22. Rxb6+
1-0

[Event "Tyrrelstown.com"]
[Site "SchemingMind.com"]
[Date "2006.04.09"]
[Round "-"]
[White "yona"]
[Black "Joe Hayden"]
[Result "1-0"]
[WhiteCountry "RSA"]
[BlackCountry "IRL"]
[WhiteElo "1522"]
[WhiteRD "112"]
[BlackElo "1556"]
[BlackRD "95"]
[GameID "45887"]

1. e4 e5 2. Nc3 Nf6 3. f4 exf4 4. e5 Qe7 5. Qe2 Ng8 6. d4 Nc6 7. Nf3 d6 8. Bxf4 dxe5 9. dxe5 Bf5 10. O-O-O f6
11. Nd5 Qf7 12. e6 Bxe6 13. Nxc7+ Ke7 14. Nxa8 g5 15. Bd6+ Ke8 16. Nc7+ Kd7 17. Bg3+ Kc8 18. Nxe6 Bh6 19. Kb1 Nge7 20. Nfd4 Nxd4
21. Rxd4 Nc6 22. Rc4 Re8 23. Re4 f5 24. Nxg5 Rxe4 25. Nxf7 Rxe2 26. Bxe2 Be3 27. Nd6+ Kd8 28. Nxf5 Bb6 29. Rd1+ Kc8 30. Bg4 Bc7
31. Ne7+ Kb8 32. Nxc6+ bxc6 33. Bxc7+ Kxc7 34. Rd7+ Kb6 35. Rxh7 a5 36. Rf7 Kb5 37. h4 c5 38. h5 c4 39. h6 Kb4 40. h7 a4
41. h8=Q a3 42. Qc3+ Kb5 43. Rc7 axb2 44. Qxc4+ Ka5 45. Rc5+ Kb6 46. Qb4+
1-0

[Event "Tyrrelstown.com"]
[Site "SchemingMind.com"]
[Date "2006.04.09"]
[Round "-"]
[White "yona"]
[Black "sorrochess"]
[Result "0-1"]
[WhiteCountry "RSA"]
[BlackCountry "INT"]
[WhiteElo "1532"]
[WhiteRD "144"]
[BlackElo "2088"]
[BlackRD "102"]
[GameID "45888"]

1. e4 e5 2. Nc3 Nf6 3. f4 d5 4. fxe5 Nxe4 5. Nf3 Be7 6. d4 O-O 7. Bd3 f5 8. exf6 Bxf6 9. O-O Nc6 10. Nxe4 dxe4
11. Bxe4 Nxd4 12. Be3 Bf5 13. Nxd4 Bxe4 14. Ne6= Qxd1 15. Raxd1 Rf7 16. c3 Re7 17. Nc5 Bxg2 18. Kxg2 Rxe3 19. Rde1 Rxe1 20. Rxe1 Rd8
21. Ne4= Be7 22. Kg1 a6 23. h3 g5 24. Kf2 Kf7 25. Kf3 h5 26. Ng3 Rd3+ 27. Re3 Rxe3+ 28. Kxe3 Bd6 29. Ne4 Kg6 30. Nxd6 cxd6
31. Ke4 d5+ 32. Kxd5 Kf5 33. Kd6 g4
0-1

[Event "Tyrrelstown.com"]
[Site "SchemingMind.com"]
[Date "2006.04.09"]
[Round "-"]
[White "thinkfirst29"]
[Black "yona"]
[Result "1-0"]
[WhiteCountry "USA"]
[BlackCountry "RSA"]
[WhiteElo "1577"]
[WhiteRD "71"]
[BlackElo "1532"]
[BlackRD "144"]
[GameID "45889"]

1. e4 e5 2. Nf3 f5 3. g3 Nc6 4. Nc3 Nf6 5. d3 Bc5 6. Bg5 h6 7. Bxf6 gxf6 8. Qd2 d6 9. Bh3 fxe4 10. Bxc8 Qxc8
11. dxe4 Qg4 12. Qe2 O-O-O 13. O-O-O Qe6 14. Nd5 Nd4 15. Nxd4 Bxd4 16. Qc4 Bc5 17. Nb6+
1-0

[Event "Tyrrelstown.com"]
[Site "SchemingMind.com"]
[Date "2006.04.09"]
[Round "-"]
[White "niallmcg"]
[Black "yona"]
[Result "0-1"]
[WhiteCountry "IRL"]
[BlackCountry "RSA"]
[WhiteElo "1095"]
[WhiteRD "97"]
[BlackElo "1522"]
[BlackRD "112"]
[GameID "45890"]

1. Nf3 Nf6 2. b3 c5 3. Nc3 d5 4. Ba3 b6 5. b4 e6 6. Qb1 Bd6 7. Nb5 Be7 8. g3 a6 9. Nc3 Bb7 10. d4 cxd4
11. Nxd4 e5 12. Nf3 Nbd7 13. Bh3 O-O 14. O-O d4 15. Na4 Rc8 16. e3 Bxf3 17. Qb3 Ne4 18. Qd3 Ng5 19. exd4 Nxh3#
0-1

[Event "Tyrrelstown.com"]
[Site "SchemingMind.com"]
[Date "2006.04.09"]
[Round "-"]
[White "sansubari"]
[Black "yona"]
[Result "1-0"]
[WhiteCountry "MAS"]
[BlackCountry "RSA"]
[WhiteElo "1709"]
[WhiteRD "63"]
[BlackElo "1480"]
[BlackRD "108"]
[GameID "45891"]

1. d4 Nf6 2. Bf4 c5 3. dxc5 e6 4. Bd6 Bxd6 5. cxd6 Qb6 6. b3 Ne4 7. e3 Qb4+ 8. Nd2 b6 9. a3 Qa5 10. b4 Qf5
11. Nxe4 Qxe4 12. Qd3 Qe5 13. Rd1 O-O 14. a4 Nc6 15. c3 a6 16. Be2 Qg5 17. Bf3 Bb7 18. Nh3 Qf6 19. b5 Ne5 20. Qd4 Bxf3
21. Rg1 Bxg2 22. Ke2 Qf3+ 23. Kd2 Qh5 24. Kc1 Nf3 25. Nf4 Nxd4 26. Nxh5 Ne2+ 27. Kd2 Nxg1 28. Rxg1 Bf3 29. Nxg7 Kh8 30. Rg3 Rg8
31. Rxf3 Rxg7 32. c4 Rc8 33. Kd3 axb5 34. axb5 Kg8 35. e4 Rg2 36. h3 Rg1 37. Rg3+
1-0

[Event "Tyrrelstown.com"]
[Site "SchemingMind.com"]
[Date "2006.04.10"]
[Round "-"]
[White "fouche"]
[Black "yona"]
[Result "0-1"]
[WhiteCountry "COL"]
[BlackCountry "RSA"]
[WhiteElo "1650"]
[WhiteRD "62"]
[BlackElo "1532"]
[BlackRD "144"]
[GameID "45892"]

1. d4 Nf6 2. c4 c5 3. d5 b5 4. cxb5 a6 5. Nc3 axb5 6. Nxb5 g6 7. Nf3 Bg7 8. Nc3 d6 9. e4 Bg4 10. Be2 O-O
11. O-O Nbd7 12. Bf4 Rb8 13. Qc2 Qb6 14. Rfb1 Nh5 15. Bd2 Bxf3 16. gxf3 Be5 17. a4 Nf4 18. Bf1 g5 19. a5 Qd8 20. Bxf4 gxf4
21. a6 Kh8 22. Ra2 Rg8+ 23. Kh1 Qf8 24. Bh3 Qh6 25. Bxd7 e6 26. dxe6 fxe6 27. Bc6 Qh3
0-1

[Event "Tyrrelstown.com"]
[Site "SchemingMind.com"]
[Date "2006.04.20"]
[Round "-"]
[White "Tipperary"]
[Black "yona"]
[Result "1-0"]
[WhiteCountry "IRL"]
[BlackCountry "RSA"]
[WhiteElo "1499"]
[WhiteRD "118"]
[BlackElo "1532"]
[BlackRD "144"]
[GameID "45895"]

1. e3 Nf6 2. d4 c5 3. Nf3 e6 4. c4 d5 5. Bd2 b6 6. a4 Nc6 7. cxd5 Nxd5 8. Bb5 Bb7 9. Ne5 Qc7 10. a5 a6
11. axb6 Qxb6 12. Bxc6+ Bxc6 13. O-O Bb7 14. Nc3 Qxb2 15. Qa4+ Ke7 16. Qd7+ Kf6 17. Qxf7+ Kg5 18. Ne4+ Kh4 19. g3+
1-0

[Event "Tyrrelstown.com"]
[Site "SchemingMind.com"]
[Date "2006.04.10"]
[Round "-"]
[White "Joe Hayden"]
[Black "yona"]
[Result "1-0"]
[WhiteCountry "IRL"]
[BlackCountry "RSA"]
[WhiteElo "1630"]
[WhiteRD "93"]
[BlackElo "1480"]
[BlackRD "108"]
[GameID "45896"]

1. e4 e5 2. Nf3 f5 3. Nxe5 Qf6 4. Qh5+ g6 5. Nxd7 Bxd7 6. Qe2 Ne7 7. e5 Qe6 8. Nc3 a6 9. d4 Nbc6 10. Qd1 O-O-O
11. Bf4 Bg7 12. d5 Nxd5 13. Nxd5 Be8 14. Bc4 Bxe5 15. Nb6+ Kb8 16. Qxd8+ Nxd8 17. Bxe6 Bxf4 18. Nd7+ Ka7 19. Nc5 b6 20. Rd1 Bd6
21. b4 bxc5 22. bxc5 Be7 23. Bb3 Nc6 24. O-O Bxc5 25. Rd3 Ne5 26. Rd8 Be7 27. Rd5 Bf6 28. Re1 Bc6 29. Rd2 Re8 30. Rde2 Bb5
31. f4 Bxe2 32. Rxe2 Nf3+ 33. Kf2 Rxe2+ 34. Kxe2 Nd4+ 35. Ke3 Kb6 36. Kd3 Nxb3 37. cxb3 Kc5 38. g3 Bd4 39. h3 Bf2 40. g4 fxg4
41. hxg4 Kb4 42. Ke4 Ka3 43. f5 Kxa2 44. b4 Be1 45. f6 Bxb4 46. Ke5 Kb3 47. f7
1-0

[Event "Tyrrelstown.com"]
[Site "SchemingMind.com"]
[Date "2006.04.09"]
[Round "-"]
[White "sorrochess"]
[Black "yona"]
[Result "1-0"]
[WhiteCountry "INT"]
[BlackCountry "RSA"]
[WhiteElo "2024"]
[WhiteRD "115"]
[BlackElo "1253"]
[BlackRD "255"]
[GameID "45897"]

1. e4 e5 2. Nf3 f5 3. Bc4 fxe4 4. Nxe5 Qg5 5. d4 Qxg2 6. Qh5+ g6 7. Bf7+ Kd8 8. Bxg6 Qxh1+ 9. Ke2 c6 10. Nc3 Kc7
11. Bf4 hxg6 12. Qg5 Be7 13. Nf7+ Kb6 14. Na4+ Ka6 15. Nc5+ Bxc5 16. Rxh1 Be7 17. Qxg6
1-0